[Event "Ceske Budejovice GM-A"]
[Site "Ceske Budejovice"]
[Date "2025.07.03"]
[Round "6"]
[White "Zeman, Matyas"]
[Black "Donchenko, Alexander"]
[Result "0-1"]
[WhiteElo "2318"]
[BlackElo "2613"]
[PlyCount "104"]
[EventDate "2025.06.28"]
[EventType "tourn"]
[EventRounds "9"]
[EventCountry "CZE"]
[EventCategory "10"]
[SourceTitle "CB28_2025"]
[SourceDate "2025.07.09"]
[SourceVersion "1"]
[SourceVersionDate "2025.07.09"]
[SourceQuality "1"]

1. e4 c5 2. Nf3 d6 3. Bb5+ Bd7 4. c4 Nc6 5. Nc3 e5 6. 0-0 Nge7 7. d3 Ng6 8. a3 Be7 9. b4 0-0 10. bxc5 dxc5 11. Be3 f5 12. exf5 Bxf5 13. Bxc6 bxc6 14. Ne1 Nf4 15. Ne4 Qe8 16. f3 Rd8 17. Qc2 Qg6 18. Rd1 Rd7 19. Rd2 Rfd8 20. Qb2 Qe6 21. Rff2 Bxe4 22. dxe4 Bh4 23. Rxd7 Bxf2+ 24. Bxf2 Rxd7 25. Qb8+ Kf7 26. Bxc5 h6 27. Bf2 Qd6 28. Qxd6 Rxd6 29. Bxa7 Rd1 30. Kf2 Rd2+ 31. Kf1 Kf6 32. Be3 Ra2 33. Bc5 Ne6 34. Bd6 Ra1 35. Kf2 Rd1 36. c5 Nf4 37. g3 Rd2+ 38. Kg1 Nh3+ 39. Kh1 g5 40. g4 Nf4 41. Kg1 Re2 42. Kf1 Rxh2 43. a4 Ra2 44. Bf8 Ra1 45. Kf2 Rxa4 46. Bd6 Ra2+ 47. Kf1 Rd2 48. Kg1 Ke6 49. Bf8 Kf7 50. Bd6 Kf6 51. Kf1 Nh3 52. Bf8 Rf2# 0-1

[Event "Ceske Budejovice GM-A"]
[Site "Ceske Budejovice"]
[Date "2025.06.28"]
[Round "1"]
[White "Korobov, Anton"]
[Black "Donchenko, Alexander"]
[Result "1-0"]
[WhiteElo "2631"]
[BlackElo "2613"]
[PlyCount "55"]
[EventDate "2025.06.28"]
[EventType "tourn"]
[EventRounds "9"]
[EventCountry "CZE"]
[EventCategory "10"]
[SourceTitle "CB28_2025"]
[SourceDate "2025.07.09"]
[SourceVersion "1"]
[SourceVersionDate "2025.07.09"]
[SourceQuality "1"]

1. e4 e5 2. Nf3 Nc6 3. Bc4 Nf6 4. d3 Bc5 5. 0-0 d6 6. c3 a6 7. a4 Ba7 8. Re1 0-0 9. Bg5 h6 10. Bh4 Qe7 11. Nbd2 Be6 12. b4 Bxc4 13. Nxc4 Qe6 14. b5 Ne7 15. Rb1 g5 16. Bg3 Nd7 17. a5 axb5 18. Rxb5 Rab8 19. Qe2 f5 20. exf5 Nxf5 21. d4 Nf6 22. dxe5 Nxg3 23. hxg3 Ng4 24. exd6 Bxf2+ 25. Qxf2 Qxc4 26. Rb4 Nxf2 27. Rxc4 Nd3 28. Re3 1-0

[Event "WchT Blitz Pool C"]
[Site "London"]
[Date "2025.06.14"]
[Round "11.4"]
[White "Mungunzul, Bat Erdene"]
[Black "Donchenko, Alexander"]
[Result "0-1"]
[WhiteElo "2337"]
[BlackElo "2613"]
[PlyCount "60"]
[EventDate "2025.06.14"]
[EventType "team-tourn"]
[EventRounds "13"]
[EventCountry "ENG"]
[SourceTitle "CB25_2025"]
[SourceDate "2025.06.18"]
[SourceVersion "1"]
[SourceVersionDate "2025.06.18"]
[SourceQuality "1"]
[WhiteTeam "Mongolia II"]
[BlackTeam "Germany and Friends"]
[WhiteTeamCountry "MGL"]
[BlackTeamCountry "GER"]

1. d4 Nf6 2. c4 e6 3. Nf3 b6 4. g3 Ba6 5. b3 Bb4+ 6. Bd2 Be7 7. Bg2 0-0 8. 0-0 d5 9. cxd5 exd5 10. Nc3 Re8 11. Ne5 Bb7 12. Qc2 c5 13. dxc5 bxc5 14. Bf4 Nbd7 15. Na4 Rc8 16. Rfd1 Nf8 17. Nd3 Ne6 18. Be5 Nd7 19. Bb2 Qc7 20. Rac1 d4 21. Bxb7 Qxb7 22. Ba3 h5 23. h4 Qe4 24. Ne1 Qg4 25. Ng2 g5 26. hxg5 Bxg5 27. f4 Bxf4 28. gxf4 Nxf4 29. e3 Rxe3 30. Rd2 Ne2+ 0-1

[Event "WchT Rapid"]
[Site "London"]
[Date "2025.06.11"]
[Round "1.4"]
[White "Tsaknakis, Zisis"]
[Black "Donchenko, Alexander"]
[Result "0-1"]
[WhiteElo "2130"]
[BlackElo "2561"]
[PlyCount "106"]
[EventDate "2025.06.11"]
[EventType "team-swiss"]
[EventRounds "12"]
[EventCountry "ENG"]
[SourceTitle "CB25_2025"]
[SourceDate "2025.06.18"]
[SourceVersion "1"]
[SourceVersionDate "2025.06.18"]
[SourceQuality "1"]
[WhiteTeam "Chess Rising Stars"]
[BlackTeam "Germany and Friends"]
[WhiteTeamCountry "GRE"]
[BlackTeamCountry "GER"]

1. e4 c6 2. d4 d5 3. e5 c5 4. Nf3 cxd4 5. Qxd4 Nc6 6. Qf4 e6 7. Nc3 Nb4 8. Bd3 Bd7 9. Bd2 Nxd3+ 10. cxd3 Ne7 11. Rc1 Ng6 12. Qg3 Rc8 13. h4 h5 14. 0-0 Ne7 15. Ne2 Nf5 16. Qf4 Rxc1 17. Rxc1 Be7 18. g3 Qb6 19. Ned4 Nxd4 20. Qxd4 Qxd4 21. Nxd4 Bd8 22. Bb4 f6 23. f4 fxe5 24. fxe5 g5 25. Nf3 gxh4 26. gxh4 Rg8+ 27. Kf2 Rg4 28. Bc5 b6 29. Bd6 Bxh4+ 30. Nxh4 Rxh4 31. Kg3 Rg4+ 32. Kh3 Bb5 33. Rc7 Bxd3 34. Re7+ Kd8 35. Rxe6 Bf1+ 36. Kh2 Rg2+ 37. Kh1 Re2 38. Rf6 Bh3 39. Rf8+ Kd7 40. Rf7+ Kc6 41. Rc7+ Kb5 42. Rxa7 d4 43. Ra3 Bf5 44. Rb3+ Kc6 45. Kg1 d3 46. Bb4 d2 47. Bxd2 Rxd2 48. Rf3 Bg4 49. Rc3+ Kd5 50. Rb3 Kc6 51. Rc3+ Kb7 52. Re3 Be6 53. Rf3 Rxb2 0-1

[Event "FRA-chT Top 16 Basse"]
[Site "Belfort"]
[Date "2025.05.30"]
[Round "2.1"]
[White "Bassini, Emile"]
[Black "Donchenko, Alexander"]
[Result "1/2-1/2"]
[WhiteElo "2391"]
[BlackElo "2615"]
[PlyCount "145"]
[EventDate "2025.05.29"]
[EventType "team-tourn"]
[EventRounds "4"]
[EventCountry "FRA"]
[SourceTitle "CB23_2025"]
[SourceDate "2025.06.04"]
[SourceVersion "1"]
[SourceVersionDate "2025.06.04"]
[SourceQuality "1"]
[WhiteTeam "Bois Colombes"]
[BlackTeam "Vandoeuvre"]
[WhiteTeamCountry "FRA"]
[BlackTeamCountry "FRA"]

1. e4 c5 2. Nf3 d6 3. d4 cxd4 4. Nxd4 Nf6 5. Nc3 a6 6. Bg5 e6 7. f4 h6 8. Bh4 Nbd7 9. Bc4 Qa5 10. Qe2 Be7 11. 0-0-0 Qh5 12. Nf3 b5 13. Bb3 b4 14. Nd5 exd5 15. e5 dxe5 16. fxe5 Nxe5 17. Qxe5 Qxe5 18. Nxe5 Be6 19. Rhe1 g5 20. Bg3 Rg8 21. Nc6 Kf8 22. Bc7 Bc5 23. Ba5 Kg7 24. Nxb4 Rgb8 25. Nd3 Bb6 26. Bc3 d4 27. Bxe6 dxc3 28. Bb3 cxb2+ 29. Kb1 Rb7 30. Nxb2 a5 31. a4 Rd8 32. Rxd8 Bxd8 33. Nc4 Rd7 34. c3 Bc7 35. Kc2 h5 36. h3 g4 37. hxg4 hxg4 38. Ne5 Re7 39. Nd3 Rxe1 40. Nxe1 Ne4 41. Nd3 f5 42. Be6 Kf6 43. Bd7 Kg5 44. c4 f4 45. Bc6 Nf6 46. c5 Kh4 47. Kc3 Kg3 48. Kc4 f3 49. gxf3 gxf3 50. Bxf3 Kxf3 51. Kb5 Nd5 52. c6 Nc3+ 53. Ka6 Ke4 54. Nc5+ Kd5 55. Nb7 Kc4 56. Nxa5+ Kb4 57. Nb3 Kxb3 58. a5 Nd5 59. Kb5 Nc3+ 60. Ka6 Nd5 61. Kb5 Bf4 62. Kc5 Ne7 63. a6 Nc8 64. c7 Ka4 65. a7 Nxa7 66. Kb6 Nc8+ 67. Kb7 Nd6+ 68. Kc6 Ka5 69. Kd7 Nc4 70. c8Q Nb6+ 71. Kd8 Bg5+ 72. Kc7 Nxc8 73. Kxc8 1/2-1/2

[Event "GER-ch Blitz"]
[Site "Munich"]
[Date "2025.05.24"]
[Round "27"]
[White "Berchtenbreiter, Maximilian"]
[Black "Donchenko, Alexander"]
[Result "0-1"]
[WhiteElo "2471"]
[BlackElo "2615"]
[PlyCount "87"]
[EventDate "2025.05.24"]
[EventType "tourn (blitz)"]
[EventRounds "29"]
[EventCountry "GER"]
[EventCategory "6"]
[SourceTitle "CB22_2025"]
[SourceDate "2025.05.28"]
[SourceVersion "1"]
[SourceVersionDate "2025.05.28"]
[SourceQuality "1"]

1. b3 c5 2. Bb2 Nc6 3. c4 Nf6 4. g3 d5 5. cxd5 Nxd5 6. Bg2 e5 7. Nc3 Be6 8. Nf3 Be7 9. 0-0 f6 10. Rc1 0-0 11. d3 Rc8 12. Qd2 Qd7 13. Rfd1 Rfd8 14. Nxd5 Bxd5 15. Ne1 h5 16. Bxd5+ Qxd5 17. Qe3 Nb4 18. Ra1 h4 19. Bc3 Nc6 20. Qe4 Qxe4 21. dxe4 Kf7 22. e3 h3 23. Kf1 b5 24. Ke2 Ke6 25. f3 a5 26. Nd3 g5 27. Nf2 c4 28. bxc4 bxc4 29. Rxd8 Rxd8 30. Rc1 Ba3 31. Rc2 Rc8 32. Nxh3 Nb4 33. Bxb4 axb4 34. Nf2 Kd6 35. h4 gxh4 36. gxh4 Kc5 37. f4 Kb5 38. fxe5 fxe5 39. Ng4 Rg8 40. Kf3 b3 41. axb3 cxb3 42. Rc3 b2 43. Rb3+ Ka4 44. Rxb2 0-1

[Event "GER-ch Blitz"]
[Site "Munich"]
[Date "2025.05.24"]
[Round "7"]
[White "Donchenko, Alexander"]
[Black "Chassard, Cedric"]
[Result "1-0"]
[WhiteElo "2615"]
[BlackElo "2250"]
[PlyCount "109"]
[EventDate "2025.05.24"]
[EventType "tourn (blitz)"]
[EventRounds "29"]
[EventCountry "GER"]
[EventCategory "6"]
[SourceTitle "CB22_2025"]
[SourceDate "2025.05.28"]
[SourceVersion "1"]
[SourceVersionDate "2025.05.28"]
[SourceQuality "1"]

1. d4 Nf6 2. c4 e6 3. g3 d5 4. Bg2 Be7 5. Nf3 0-0 6. Nc3 dxc4 7. Ne5 Nc6 8. Bxc6 bxc6 9. Nxc6 Qe8 10. Nxe7+ Qxe7 11. Qa4 c5 12. dxc5 Qxc5 13. Be3 Qc7 14. 0-0-0 Ng4 15. Bd4 e5 16. Nd5 Bd7 17. Nxc7 Bxa4 18. Nxa8 Bxd1 19. Rxd1 exd4 20. Rxd4 Nxf2 21. Nc7 Rc8 22. Nd5 Kf8 23. Nc3 Nh3 24. Rd7 a6 25. Rd6 Ra8 26. Rc6 Ng5 27. Rxc4 Ne6 28. Rc6 Ke7 29. Nd5+ Kd7 30. Rc4 Kd6 31. Nc3 Re8 32. Kd2 Nc5 33. b4 Nd7 34. a4 Rb8 35. Rd4+ Ke6 36. Ne4 f5 37. Ng5+ Ke7 38. Nxh7 Ne5 39. Ng5 Nc6 40. Rd5 Rxb4 41. Rxf5 Rxa4 42. Rf7+ Kd6 43. Rxg7 Ra2+ 44. Ke3 a5 45. Ne4+ Ke6 46. Rg6+ Kd7 47. h4 Ne5 48. Ra6 Nc6 49. h5 Kc7 50. h6 Ra1 51. Nf2 Ra3+ 52. Kf4 Ra4+ 53. Kg5 Rd4 54. Ra8 Ne5 55. Rxa5 1-0

[Event "GER-ch Blitz"]
[Site "Munich"]
[Date "2025.05.24"]
[Round "26"]
[White "Donchenko, Alexander"]
[Black "Stein, Robert"]
[Result "1/2-1/2"]
[WhiteElo "2615"]
[BlackElo "2422"]
[PlyCount "90"]
[EventDate "2025.05.24"]
[EventType "tourn (blitz)"]
[EventRounds "29"]
[EventCountry "GER"]
[EventCategory "6"]
[SourceTitle "CB22_2025"]
[SourceDate "2025.05.28"]
[SourceVersion "1"]
[SourceVersionDate "2025.05.28"]
[SourceQuality "1"]

1. Nf3 d5 2. e3 Nf6 3. c4 e6 4. Nc3 Be7 5. b3 c5 6. cxd5 Nxd5 7. Bb2 Nxc3 8. Bxc3 0-0 9. Be2 Nc6 10. 0-0 b6 11. Qc2 Bb7 12. Qb2 Bf6 13. Bxf6 Qxf6 14. Qxf6 gxf6 15. Rfd1 Rfd8 16. Rac1 f5 17. Kf1 Rd6 18. a3 Rad8 19. Ke1 Kg7 20. Rb1 a5 21. Rbc1 Kf6 22. g3 h6 23. Rc4 Ba6 24. Rh4 Bxe2 25. Kxe2 Rd3 26. Nd4 Nxd4+ 27. Kxd3 Nf3+ 28. Kc4 Nxh4 29. gxh4 f4 30. Kb5 Rd3 31. Kxb6 Rxb3+ 32. Kxa5 Rxa3+ 33. Kb5 Ke5 34. Kxc5 Ke4 35. Rg1 Ra5+ 36. Kc4 Kf3 37. Rg7 Rf5 38. Kd4 Rd5+ 39. Kc3 Rf5 40. Rh7 h5 41. Kd4 Rd5+ 42. Kc3 Rc5+ 43. Kd4 Rd5+ 44. Kc3 Rc5+ 45. Kd4 Rd5+ 1/2-1/2

[Event "GER-ch Blitz"]
[Site "Munich"]
[Date "2025.05.24"]
[Round "24"]
[White "Donchenko, Alexander"]
[Black "Zuferi, Enis"]
[Result "1-0"]
[WhiteElo "2615"]
[BlackElo "2351"]
[PlyCount "67"]
[EventDate "2025.05.24"]
[EventType "tourn (blitz)"]
[EventRounds "29"]
[EventCountry "GER"]
[EventCategory "6"]
[SourceTitle "CB22_2025"]
[SourceDate "2025.05.28"]
[SourceVersion "1"]
[SourceVersionDate "2025.05.28"]
[SourceQuality "1"]

1. Nf3 Nf6 2. c4 e6 3. Nc3 d5 4. e3 c5 5. d4 Nc6 6. a3 Ne4 7. cxd5 Nxc3 8. bxc3 exd5 9. Bd3 Be7 10. 0-0 0-0 11. h3 Bf6 12. a4 Re8 13. Ba3 c4 14. Bc2 Bd7 15. Nd2 Be7 16. Qh5 g6 17. Qxd5 Bxa3 18. Rxa3 Qe7 19. Raa1 Be6 20. Qf3 Rad8 21. e4 Qc7 22. Rab1 Na5 23. e5 Bd5 24. Be4 Bxe4 25. Nxe4 Re6 26. Nf6+ Kg7 27. Rfe1 Nb3 28. Qg3 Ra6 29. d5 Rxa4 30. d6 Qc5 31. Qg5 Ra8 32. Rbd1 Ra2 33. Ne4 Qc6 34. d7 1-0

[Event "GER-ch Blitz"]
[Site "Munich"]
[Date "2025.05.24"]
[Round "12"]
[White "Knuedel, Torben"]
[Black "Donchenko, Alexander"]
[Result "0-1"]
[WhiteElo "2319"]
[BlackElo "2615"]
[PlyCount "78"]
[EventDate "2025.05.24"]
[EventType "tourn (blitz)"]
[EventRounds "29"]
[EventCountry "GER"]
[EventCategory "6"]
[SourceTitle "CB22_2025"]
[SourceDate "2025.05.28"]
[SourceVersion "1"]
[SourceVersionDate "2025.05.28"]
[SourceQuality "1"]

1. e4 c5 2. Nf3 d6 3. d4 cxd4 4. Nxd4 Nf6 5. Nc3 a6 6. Bg5 Nbd7 7. a3 h6 8. Bxf6 Nxf6 9. Bc4 e6 10. Qe2 Be7 11. 0-0-0 Qc7 12. Kb1 b5 13. Bb3 Bd7 14. f4 h5 15. f5 e5 16. Nf3 Bc6 17. Ng5 0-0 18. h3 a5 19. g4 b4 20. Nb5 Bxb5 21. Qxb5 a4 22. Bxf7+ Rxf7 23. Nxf7 Rb8 24. Qxa4 bxa3 25. Rd3 Rxb2+ 26. Ka1 Kxf7 27. g5 Qb7 28. Qc4+ d5 29. exd5 Rb4 30. Qa2 Rb2 31. Qc4 a2 32. Rdd1 Rb4 33. Qc6 Qxc6 34. dxc6 Ne4 35. c7 Rc4 36. Rde1 Nxg5 37. Rxe5 Bf6 38. Rhe1 Nf3 39. c3 Nxe5 0-1

[Event "GER-ch Blitz"]
[Site "Munich"]
[Date "2025.05.24"]
[Round "16"]
[White "Moeller, Maurin"]
[Black "Donchenko, Alexander"]
[Result "0-1"]
[WhiteElo "2291"]
[BlackElo "2615"]
[PlyCount "118"]
[EventDate "2025.05.24"]
[EventType "tourn (blitz)"]
[EventRounds "29"]
[EventCountry "GER"]
[EventCategory "6"]
[SourceTitle "CB22_2025"]
[SourceDate "2025.05.28"]
[SourceVersion "1"]
[SourceVersionDate "2025.05.28"]
[SourceQuality "1"]

1. e4 c6 2. d4 d5 3. e5 Bf5 4. h4 h5 5. c4 e6 6. Nc3 dxc4 7. Bxc4 Nd7 8. Nge2 Be7 9. Ng3 Bg6 10. Be3 Nh6 11. Qf3 Nf5 12. Nxf5 Bxf5 13. g3 Qb6 14. Qe2 Qc7 15. Rd1 b5 16. Bd3 Bxd3 17. Qxd3 a6 18. Ne4 Rd8 19. Qe2 Qa5+ 20. Kf1 Qxa2 21. Kg2 Qd5 22. f3 0-0 23. Bg5 Rfe8 24. Bxe7 Rxe7 25. Qe3 Qc4 26. Qg5 Ree8 27. Rd2 Qb4 28. Qxh5 Nc5 29. dxc5 Rxd2+ 30. Nxd2 Qxd2+ 31. Kh3 g6 32. Qg5 Qxg5 33. hxg5 a5 34. Rd1 a4 35. Rd7 Ra8 36. Rc7 Ra6 37. Rd7 b4 38. Rd1 Ra5 39. Ra1 Kf8 40. Kg4 Ke7 41. Kf4 a3 42. bxa3 bxa3 43. Ke4 a2 44. Kd4 Kd7 45. Kc4 Ra3 46. f4 Kc7 47. Kb4 Ra6 48. Kb3 Kb7 49. g4 Ra8 50. f5 gxf5 51. gxf5 exf5 52. Rxa2 Rxa2 53. Kxa2 Kc7 54. e6 Kd8 55. exf7 Ke7 56. g6 f4 57. Kb3 f3 58. Kc3 f2 59. Kd4 f1Q 0-1

[Event "GER-ch Blitz"]
[Site "Munich"]
[Date "2025.05.24"]
[Round "6"]
[White "Schneider, Ilja"]
[Black "Donchenko, Alexander"]
[Result "1-0"]
[WhiteElo "2417"]
[BlackElo "2615"]
[PlyCount "45"]
[EventDate "2025.05.24"]
[EventType "tourn (blitz)"]
[EventRounds "29"]
[EventCountry "GER"]
[EventCategory "6"]
[SourceTitle "CB22_2025"]
[SourceDate "2025.05.28"]
[SourceVersion "1"]
[SourceVersionDate "2025.05.28"]
[SourceQuality "1"]

1. e4 c5 2. Nc3 a6 3. g3 b5 4. Bg2 Bb7 5. Nge2 Nf6 6. 0-0 e6 7. d4 cxd4 8. Nxd4 Qc7 9. Re1 Bb4 10. e5 Bxc3 11. bxc3 Nd5 12. Nf5 exf5 13. Bxd5 0-0 14. Ba3 Re8 15. Bd6 Qb6 16. Bxf7+ Kxf7 17. Qh5+ g6 18. Qxh7+ Ke6 19. Qxg6+ Kd5 20. Qxe8 Kc6 21. Bxb8 Rxb8 22. Qxb8 Qc5 23. Qd6+ 1-0

[Event "GER-ch Blitz"]
[Site "Munich"]
[Date "2025.05.24"]
[Round "23"]
[White "Stricker, Florian"]
[Black "Donchenko, Alexander"]
[Result "1/2-1/2"]
[WhiteElo "2261"]
[BlackElo "2615"]
[PlyCount "91"]
[EventDate "2025.05.24"]
[EventType "tourn (blitz)"]
[EventRounds "29"]
[EventCountry "GER"]
[EventCategory "6"]
[SourceTitle "CB22_2025"]
[SourceDate "2025.05.28"]
[SourceVersion "1"]
[SourceVersionDate "2025.05.28"]
[SourceQuality "1"]

1. e4 c6 2. d4 d5 3. e5 Bf5 4. h4 h5 5. Bd3 Bxd3 6. Qxd3 Qa5+ 7. b4 Qa6 8. e6 Qxd3 9. cxd3 f6 10. b5 cxb5 11. Nc3 Nc6 12. Nxb5 0-0-0 13. Bf4 a6 14. a4 g5 15. Bh2 Rh6 16. Ne2 f5 17. hxg5 Rxe6 18. Kd2 axb5 19. axb5 Rxe2+ 20. Kxe2 Nxd4+ 21. Kd1 Nxb5 22. Be5 e6 23. Rxh5 Kd7 24. Rh7+ Be7 25. Rb1 Kc6 26. f4 Bd6 27. Rc1+ Kb6 28. Bxd6 Nxd6 29. Rcc7 Ra8 30. Rcd7 Kc5 31. Rh8 Nb5 32. Rxb7 Ra2 33. Rxg8 Nc3+ 34. Kc1 Ne2+ 35. Kd1 Nc3+ 36. Ke1 Kd4 37. Re8 Kxd3 38. Rxe6 Rxg2 39. g6 d4 40. g7 Ne4 41. Kf1 Rg4 42. Re8 Nd2+ 43. Kf2 Ne4+ 44. Kf1 Nd2+ 45. Kf2 Ne4+ 46. Kf1 1/2-1/2

[Event "GER-ch Blitz"]
[Site "Munich"]
[Date "2025.05.24"]
[Round "21"]
[White "Zwahr, Paul"]
[Black "Donchenko, Alexander"]
[Result "0-1"]
[WhiteElo "2272"]
[BlackElo "2615"]
[PlyCount "106"]
[EventDate "2025.05.24"]
[EventType "tourn (blitz)"]
[EventRounds "29"]
[EventCountry "GER"]
[EventCategory "6"]
[SourceTitle "CB22_2025"]
[SourceDate "2025.05.28"]
[SourceVersion "1"]
[SourceVersionDate "2025.05.28"]
[SourceQuality "1"]

1. e4 c6 2. d4 d5 3. exd5 cxd5 4. Bd3 Nf6 5. h3 Nc6 6. c3 g6 7. Nf3 Bf5 8. 0-0 Bg7 9. Re1 0-0 10. Bf1 a6 11. Bf4 b5 12. Nbd2 b4 13. Qa4 Qb6 14. Be3 bxc3 15. bxc3 Qc7 16. Rac1 Rfc8 17. c4 dxc4 18. Bxc4 Qd6 19. Bxf7+ Kxf7 20. Rxc6 Rxc6 21. Qxc6 Qxc6 22. Ne5+ Ke8 23. Nxc6 Rc8 24. Ne5 Nd5 25. Ndc4 Be6 26. Bd2 Nf6 27. Ne3 Rd8 28. Bc3 Ne4 29. Bb2 Bxe5 30. dxe5 Rd2 31. Nd1 Nxf2 32. Nxf2 Rxb2 33. a4 Rb4 34. Re4 Rb2 35. Rd4 a5 36. Ne4 Bd7 37. Nc5 Bc6 38. Rg4 Rc2 39. Nb3 Bd5 40. Nd4 Rc4 41. Nb5 Rxg4 42. hxg4 Bc6 43. Nc3 Kd7 44. Kf2 Ke6 45. g3 Kxe5 46. Ke3 g5 47. Kd3 Bd7 48. Kc4 Bxg4 49. Kb5 h5 50. Kxa5 h4 51. gxh4 gxh4 52. Nb1 h3 53. Nd2 h2 0-1

[Event "Titled Tuesday intern op 20th May Late"]
[Site "Chess.com INT"]
[Date "2025.05.20"]
[Round "2"]
[White "Akkara, Omer"]
[Black "Donchenko, Alexander"]
[Result "0-1"]
[WhiteElo "2036"]
[BlackElo "2615"]
[PlyCount "150"]
[EventDate "2025.05.20"]
[EventType "swiss (blitz)"]
[EventRounds "11"]
[EventCountry "USA"]
[SourceTitle "CB22_2025"]
[SourceDate "2025.05.28"]
[SourceVersion "1"]
[SourceVersionDate "2025.05.28"]
[SourceQuality "1"]

1. e4 c6 2. d4 d5 3. exd5 cxd5 4. Nf3 Nc6 5. Bb5 Bg4 6. c4 Nf6 7. Nc3 e6 8. 0-0 dxc4 9. h3 Bxf3 10. Qxf3 Rc8 11. Rd1 a6 12. Bxc4 Nxd4 13. Qxb7 Rxc4 14. Qxa6 Rxc3 15. Qa4+ Qd7 16. Qxd7+ Nxd7 17. bxc3 Ne2+ 18. Kf1 Nxc3 19. Rd3 Nd5 20. a4 Bc5 21. a5 Ke7 22. a6 Ra8 23. Ba3 Kd6 24. Bxc5+ Nxc5 25. Rda3 Ra7 26. Rb1 Rxa6 27. Rxa6+ Nxa6 28. Rb7 Nac7 29. Kg1 h5 30. Rb1 Ke7 31. Re1 g6 32. Ra1 Nb5 33. Re1 Nd4 34. Kh2 Kf6 35. Ra1 Nf5 36. Ra4 Nc3 37. Rc4 Nd5 38. Ra4 Nd6 39. Ra3 Ne4 40. Rf3+ Ke7 41. Kg1 f5 42. Rd3 Kf6 43. Ra3 h4 44. Ra2 Ndc3 45. Rc2 Nd1 46. f3 Ng3 47. Rd2 Ne3 48. Rd3 Nd5 49. Rd2 Nf4 50. Rc2 Nge2+ 51. Kf2 Nd4 52. Rd2 e5 53. Kf1 Ke6 54. Ra2 Kd5 55. Ra5+ Kc4 56. Ra6 Nc2 57. Rc6+ Kd3 58. Rd6+ Ke3 59. Rc6 Nd4 60. Rc3+ Nd3 61. Rc7 e4 62. fxe4 fxe4 63. Rf7 Nf5 64. Rf6 Nf4 65. Ra6 Ng3+ 66. Kg1 Kd4 67. Kh2 e3 68. Rd6+ Ke5 69. Rd8 e2 70. Re8+ Ne6 71. Re7 Ne4 72. Re8 e1Q 73. Rxe6+ Kxe6 74. g3 Qf2+ 75. Kh1 Nxg3# 0-1

[Event "German Masters 96th"]
[Site "Munich"]
[Date "2025.05.20"]
[Round "6"]
[White "Donchenko, Alexander"]
[Black "Kraemer, Martin"]
[Result "0-1"]
[WhiteElo "2615"]
[BlackElo "2581"]
[PlyCount "118"]
[EventDate "2025.05.15"]
[EventType "tourn"]
[EventRounds "9"]
[EventCountry "GER"]
[EventCategory "15"]
[SourceTitle "CB22_2025"]
[SourceDate "2025.05.28"]
[SourceVersion "1"]
[SourceVersionDate "2025.05.28"]
[SourceQuality "1"]

1. c4 e5 2. g3 Nf6 3. Bg2 d5 4. cxd5 Nxd5 5. Nf3 Nc6 6. 0-0 Nb6 7. b3 Be6 8. Bb2 f6 9. Nc3 Qd7 10. Qb1 0-0-0 11. d4 exd4 12. Rd1 Be7 13. Nb5 Bd5 14. Nbxd4 Nxd4 15. Nxd4 Bxg2 16. Kxg2 g6 17. Qc2 Kb8 18. Rac1 c5 19. Nf3 Qe6 20. e4 Rxd1 21. Rxd1 Re8 22. h4 a6 23. e5 fxe5 24. Nxe5 Ka7 25. a4 Bf6 26. Qxc5 Bxe5 27. Re1 Qxb3 28. Bxe5 Rc8 29. Bc7 Qd5+ 30. Qxd5 Nxd5 31. Be5 b5 32. Rd1 Rd8 33. Kf3 bxa4 34. Rd3 Kb6 35. Ke4 Kc6 36. g4 Rd7 37. f4 Nb6 38. Rc3+ Kb5 39. f5 gxf5+ 40. Kxf5 Nc4 41. Bf6 Rd1 42. Be7 Re1 43. Ba3 Nxa3 44. Rxa3 Kb4 45. Rd3 Rc1 46. Rd6 a5 47. Rd4+ Kb5 48. Rd3 Kb4 49. Rd4+ Rc4 50. Rd1 a3 51. h5 a2 52. g5 Rc2 53. g6 hxg6+ 54. Kxg6 Rg2+ 55. Kf7 Rh2 56. Kg6 Kb3 57. h6 Kb2 58. h7 a1Q 59. Rd2+ Rxd2 0-1

[Event "German Masters 96th"]
[Site "Munich"]
[Date "2025.05.16"]
[Round "2"]
[White "Svane, Rasmus"]
[Black "Donchenko, Alexander"]
[Result "1/2-1/2"]
[WhiteElo "2629"]
[BlackElo "2615"]
[PlyCount "82"]
[EventDate "2025.05.15"]
[EventType "tourn"]
[EventRounds "9"]
[EventCountry "GER"]
[EventCategory "15"]
[SourceTitle "CB22_2025"]
[SourceDate "2025.05.28"]
[SourceVersion "1"]
[SourceVersionDate "2025.05.28"]
[SourceQuality "1"]

1. d4 Nf6 2. c4 e6 3. Nf3 b6 4. g3 Ba6 5. b3 Bb4+ 6. Bd2 Be7 7. Bg2 0-0 8. 0-0 d5 9. Ne5 c5 10. dxc5 Qc7 11. Nd3 dxc4 12. bxc4 Bb7 13. cxb6 axb6 14. Bf4 Qc8 15. Bxb7 Qxb7 16. Nd2 Nc6 17. Rb1 Rxa2 18. Be3 Ra6 19. Qb3 Rb8 20. Nf3 Qa8 21. Bf4 Rc8 22. Nde5 Nxe5 23. Nxe5 Ne4 24. Qf3 Bc5 25. Be3 f6 26. Nd3 Nc3 27. Nxc5 Qxf3 28. exf3 bxc5 29. Rb2 Rd6 30. Ra1 Rd1+ 31. Rxd1 Nxd1 32. Rb7 Nxe3 33. fxe3 Ra8 34. Rc7 Ra3 35. Kf2 Ra2+ 36. Kg1 Ra3 37. Rxc5 Rxe3 38. Kf2 Rc3 39. h4 h5 40. f4 Kf7 41. Rxh5 Rxc4 1/2-1/2

[Event "Karlsruhe Grenke op"]
[Site "Karlsruhe"]
[Date "2025.04.20"]
[Round "7"]
[White "Donchenko, Alexander"]
[Black "Harshavardhan, GB."]
[Result "1/2-1/2"]
[WhiteElo "2617"]
[BlackElo "2431"]
[PlyCount "65"]
[EventDate "2025.04.17"]
[EventType "swiss"]
[EventRounds "9"]
[EventCountry "GER"]
[SourceTitle "CB17_2025"]
[SourceDate "2025.04.23"]
[SourceVersion "1"]
[SourceVersionDate "2025.04.23"]
[SourceQuality "1"]

1. Nf3 c5 2. c4 Nc6 3. Nc3 g6 4. e3 Nf6 5. d4 cxd4 6. exd4 d5 7. cxd5 Nxd5 8. Qb3 Nxc3 9. Bc4 e6 10. bxc3 Bg7 11. Ba3 Bf8 12. Bc1 Bg7 13. Qa3 Qe7 14. Qxe7+ Nxe7 15. 0-0 Bd7 16. Rb1 Rc8 17. Be2 b6 18. c4 Nf5 19. Bb2 Bc6 20. Ne5 Be4 21. Rbd1 0-0 22. g4 Nd6 23. f3 Ba8 24. Rc1 Rfd8 25. c5 Ne8 26. Ba6 Rc7 27. f4 bxc5 28. dxc5 Rd2 29. Rf2 Rxf2 30. Kxf2 Nf6 31. Ba3 g5 32. c6 gxf4 33. Bb7 1/2-1/2

[Event "Karlsruhe Grenke op"]
[Site "Karlsruhe"]
[Date "2025.04.19"]
[Round "4"]
[White "Nothnagel, Marian Can"]
[Black "Donchenko, Alexander"]
[Result "1/2-1/2"]
[WhiteElo "2424"]
[BlackElo "2617"]
[PlyCount "78"]
[EventDate "2025.04.17"]
[EventType "swiss"]
[EventRounds "9"]
[EventCountry "GER"]
[SourceTitle "CB17_2025"]
[SourceDate "2025.04.23"]
[SourceVersion "1"]
[SourceVersionDate "2025.04.23"]
[SourceQuality "1"]

1. e4 c5 2. Nf3 e6 3. d3 Nc6 4. g3 d5 5. Nbd2 Nf6 6. Bg2 Be7 7. 0-0 b5 8. exd5 exd5 9. a4 b4 10. d4 0-0 11. dxc5 Bxc5 12. Nb3 Bb6 13. Bg5 a5 14. Bxf6 Qxf6 15. Qxd5 Ba6 16. Rfb1 Rac8 17. Qg5 Qxg5 18. Nxg5 Ne5 19. Rc1 Rc7 20. Nf3 Ng4 21. Nbd4 g6 22. Rd1 Rd8 23. Rd2 Ne5 24. Nxe5 Rxd4 25. Rxd4 Bxd4 26. Nc6 Bxb2 27. Rd1 Kg7 28. Rd6 Bc8 29. Be4 Bd7 30. Nxa5 Bxa4 31. Rb6 Bc3 32. Nc6 f5 33. Bf3 Rd7 34. Nxb4 Rd2 35. Nd5 Bd4 36. Rb7+ Kh6 37. Ne3 Bxc2 38. h4 Ba4 39. Kf1 Ra2 1/2-1/2